Ekosystémové služby zdrojov vody pre krajinu

Ekosystémové služby vody. Prehľad ekosystémových služieb vody a vodných zdrojov. Ekosystémové služby vody spojené s hygienou.

Na minha lista:
Detalhes bibliográficos
Autor principal: Jurík, Ľuboš
Outros Autores: Halászová, Klaudia, Sedmáková, Miroslava
Formato: Capítulo de Livro
Idioma:eslovaco
Assuntos:
Tags: Adicionar Tag
Sem tags, seja o primeiro a adicionar uma tag!

MARC

LEADER 00000naa a2200000 4500
001 0239646
005 20220805080427.2
041 0 |a slo 
044 |a SK 
245 1 0 |a Ekosystémové služby zdrojov vody pre krajinu  |c Ľuboš Jurík, Klaudia Halászová, Miroslava Sedmáková 
520 |a Ekosystémové služby vody. Prehľad ekosystémových služieb vody a vodných zdrojov. Ekosystémové služby vody spojené s hygienou. 
610 2 0 |a zdroje vodné 
610 2 0 |a ochrana vody 
610 2 0 |a ochrana zdravia 
610 2 0 |a kvalita vody 
610 2 0 |a Slovensko 
610 2 0 |a politika ekologická 
610 2 0 |a rozvoj trvalo udržateľný 
100 1 |a Jurík, Ľuboš 
700 1 |a Halászová, Klaudia 
700 1 |a Sedmáková, Miroslava